000 01302aam a2200325 i 4500
001 768714001
003 CO-MdFUSB
005 20210522102655.0
007 ta
008 200624t1990 -usa|||| |||| 00| 0 eng d
020 _a0801083028
040 _bspa.
_aCO-MdFUSB
_cCO-MdFUSB
_dCO-MdFUSBC
_erda
041 _aeng
082 0 4 _223
_a227.07
_bS378
100 1 _aSchreiner, Thomas R.
_eautor
245 1 0 _aInterpreting the Pauline Epistles
_c/ Thomas R. Schreiner
264 1 _aGrand Rapids, Mich. :
_bBaker Book House,
_c[1990]
264 4 _c© 1990
300 _a167 páginas. :
_bilustraciones
_c; 22 cm
336 _2rdacontent
_atexto
_btxt
337 _2rdamedia
_asin mediación
_bn
338 _2rdacarrier
_avolumen
_bnc
490 _aGuides to New Testament exegesis,
505 _aComprender la naturaleza de las letras - Hacer críticas textuales - Traducir y analizar la letra - Investigar cuestiones históricas e introductorias - Diagramar y realizar un análisis gramatical - Trazar el argumento - Hacer estudios léxicos - Probar el contexto teológico - Delineando el significado de las cartas de Pablo.
563 _aRústico
630 7 _aBiblia.
_pEpístolas Paulinas
_xCrítica, interpretación, etc.
942 _cBK
945 _aJTF-925
999 _c66254
_d66254